|
|
|
|
| LEADER |
00000cam a2200000 a 4500 |
| 001 |
vtls008325797 |
| 003 |
SK-MaSNL |
| 005 |
20260301075021.0 |
| 008 |
230403s1958 xo grf 000 1 slo |
| 015 |
|
|
|a SNBA1958/12-01810
|
| 020 |
|
|
|q (brožované)
|
| 035 |
|
|
|a SK01SNK19580018014
|
| 035 |
|
|
|a urn:nbn:sk:snk-am3i8f0
|
| 035 |
|
|
|a DFC763DF-DC37-47BD-B3FA-3508DF5577BE
|
| 035 |
|
|
|a urn:nbn:sk:snk-am00dxbh
|
| 035 |
|
|
|a SKM000020477
|
| 040 |
|
|
|a SNK
|b slo
|c SNK
|e AACR2
|
| 041 |
0 |
|
|a slo
|
| 044 |
|
|
|a xo
|c SK
|
| 080 |
|
|
|a 821.161.1
|2 2011
|
| 080 |
|
|
|a 82.09
|2 2011
|
| 080 |
|
|
|a (072)
|2 2011
|
| 245 |
0 |
0 |
|a Metodický materiál ku knihe Tuhý uzol od Vladimíra Tendriakova
|c spracoval Ivan Slimák
|
| 260 |
|
|
|a V Bratislave
|b Slovenský výbor Sväzu československo-sovietskeho priateľstva
|c 1958
|e Bratislava
|f Západoslovenské tlačiarne
|
| 300 |
|
|
|a 15 strán
|c 21 cm
|
| 490 |
1 |
|
|a Ako pracovať s knihou
|
| 500 |
|
|
|a Názov z obálky
|
| 500 |
|
|
|a Pre funkcionárov SČSP zadarmo
|
| 600 |
1 |
7 |
|a Tendrjakov, Vladimir Fedorovič,
|d 1923-1984
|t Tuhý uzol
|9 398528
|
| 650 |
0 |
7 |
|a ruská literatúra
|2 SNKPH
|9 1204
|
| 650 |
0 |
7 |
|a literárnovedné rozbory
|2 SNKPH
|9 241582
|
| 655 |
|
7 |
|a metodické príručky
|2 SNKPH
|9 70250
|
| 700 |
1 |
|
|a Slimák, Ivan,
|d 1930-1996
|4 com
|9 206472
|
| 752 |
|
|
|a Slovensko
|d Bratislava
|
| 830 |
|
0 |
|a Ako pracovať s knihou
|9 398529
|
| 852 |
|
|
|a Slovenská národná knižnica
|
| 954 |
|
|
|a odborná, vedecká literatúra pôvodná (slovenská)
|2 lita
|
| 958 |
|
|
|a OND
|
| 958 |
|
|
|a RK
|
| 958 |
|
|
|a TL
|
| 958 |
|
|
|a BQ
|
| 958 |
|
|
|a LX
|
| 958 |
|
|
|a EUIPO
|
| 999 |
|
|
|c 648913
|d 650843
|
| 952 |
|
|
|a SNK
|b SNK
|y PREZ
|7 0
|p 17A0826951
|o snkSC 12267
|i snkKSP 3363/58
|0 0
|1 0
|4 0
|d 2019-12-11
|f 1
|l 0
|r 2025-07-16 00:00:00
|w 2026-02-23
|